000 00751nam a2200241 i 4500
001 C2-0235826
003 PPAK
005 20210525074708.0
008 010919n my |||| |||||||| 0 may d
022 _a1394-6463
040 _aPPAK
_beng
_cPPAK
_erda
082 0 4 _a657.74021
_223
090 0 0 _a657.74021
_bMAL
_dR
110 2 _aMalaysia.
_bJabatan Perangkaan
_eissuing body
_eorganizer.
245 0 0 _aLaporan Imbangan Pembayaran Suku Tahunan
264 1 _aKuala Lumpur :
_bJabatan Perangkaan Malaysia ,
_c[date of publication not identified] .
300 _a1 volume (unpaged) ;
_c29 cm.
336 _2rdacontent
_atext
337 _2rdamedia
_aunmediated
338 _2rdacarrier
_avolume
650 1 0 _aAccounting
_vPeriodicals
942 _cB
_2ddc
999 _c51769
_d51769